000 00396nam a2200145Ia 4500
008 210210b1981 xxu||||| |||| 00| 0 eng d
082 _a630.206 ALEP
100 _aALEXANDER (K C).
245 _aPeasant organisations in South India.
260 _aND
_bIndian social institute
_c1981
300 _ax,232
650 _aPeasant organisations south India
690 _aAgriculture
906 _a038085
999 _c88377
_d88377